000 00545nam a22001817a 4500
999 _c2629
_d2629
003 AR-CdUCM
008 190305b ||||| |||| 00| 0 spa d
040 _aMUNICIPALIDAD PROVINCIAL DEL CUSCO
_cBIBLIOTECA MUNICIPAL DEL CUSCO
082 _25ed.
_a869.914 /
_bAS83
100 _aAsturias, Miguel Ángel
_92136
245 _aViento fuerte /
260 _aBuenos Aires :
_bLosada,
_c1968.
300 _a209 páginas ;
_c19.5 cm.
650 _aNovelista hispanoamericano
_99250
650 _aPremio Nobel
_9357
942 _2ddc
_cLIBROS
945 _aafb